Online Catalogue and eLibrary

From statism to pluralism : (Record no. 393)

MARC details
000 -LEADER
fixed length control field 00626nam a2200217 a 4500
001 - CONTROL NUMBER
control field 1674377
005 - DATE AND TIME OF LATEST TRANSACTION
control field 20240214061622.0
008 - FIXED-LENGTH DATA ELEMENTS--GENERAL INFORMATION
fixed length control field 971104s1997 enk b 001 0 eng d
020 ## - INTERNATIONAL STANDARD BOOK NUMBER
ISBN 1857287495 (HB)
020 ## - INTERNATIONAL STANDARD BOOK NUMBER
ISBN 1857287509 (pbk.)
040 ## - CATALOGING SOURCE (பட்டியலாக்க மூலம்)
Original cataloging agency UkNcU
Transcribing agency UkNcU
Modifying agency DGU
-- DLC
082 00 - DDC Classification
Class No. 320.
DDC Edition Number 21
Item Number - Author Mark PAU.
100 1# - MAIN ENTRY--PERSONAL NAME
Personal name Hirst, Paul Q.
245 10 - TITLE STATEMENT
Title From statism to pluralism :
Remainder of title democracy, civil society, and global politics /
Statement of responsibility, etc. Paul Hirst.
260 ## - PUBLICATION, DISTRIBUTION, ETC.
Place of publication, distribution, etc. London ;
-- Bristol, Penn. :
Name of publisher, distributor, etc. UCL Press,
Date of publication, distribution, etc. 1997.
300 ## - PHYSICAL DESCRIPTION
Extent (e.g. Volumes, Pages etc.) vii, 260 p. ;
650 #0 - SUBJECT ADDED ENTRY--TOPICAL TERM
Topical term or geographic name entry element Democracy.
650 #0 - SUBJECT ADDED ENTRY--TOPICAL TERM
Topical term or geographic name entry element Civil society.
650 #0 - SUBJECT ADDED ENTRY--TOPICAL TERM
Topical term or geographic name entry element Post-communism.
942 ## - Koha item type (Biblio)
Koha item type Books in Stacks (Lending)
Holdings
Lost status Damaged status Collection code Home library Current library Date acquired Full call number Accession Number Item type
    Lending WERC Library WERC Library 02/14/2024 320. PAU. 2931 Books in Stacks (Lending)

© WERC Library